| 000 | 00592nam a2200205Ia 4500 | ||
|---|---|---|---|
| 003 | OSt | ||
| 005 | 20230427145817.0 | ||
| 008 | 210423s2010 xx 000 0 und d | ||
| 020 | _a9781107400597 | ||
| 040 | _cAL | ||
| 082 |
_a523.1 PADT _223 |
||
| 100 |
_aPADMANABHAN (T). _994189 |
||
| 245 | _aTheoretical astrophysics.V1: astrophysical processes. | ||
| 260 |
_aNew Delhi _bCambridge University Press _c2010 |
||
| 300 |
_axix,601p _bPB |
||
| 365 |
_b595 _cINR |
||
| 650 |
_aAstronomy _994190 |
||
| 906 | _aastrophysical ; astrophysics.V1: ; processes. ; Theoretical | ||
| 942 |
_2ddc _cBK |
||
| 999 |
_c161812 _d161812 |
||